| 000 | 01619cam a22001934a 4500 | ||
|---|---|---|---|
| 005 | 20250605164033.0 | ||
| 008 | 250528s ||||||||||||||||||||||||d | ||
| 035 | _a16718 | ||
| 040 |
_aGR-AtMCL _bgre _dGR-AtMCL _eAACR2 |
||
| 245 | 1 | _aΤα Μύστικα της Ζωής / Νέα Έκδοση Αυξημένη και Βελτιωμένη | |
| 260 |
_bΑθήνα, _c1965 |
||
| 300 | _a240 | ||
| 505 | 0 | _aΠοιός ο Συγγραφεύς, Η Ζωή, Σκέψεις για τη Ζωή, Η Αγάπη, Η Αγάπη προς τον Πλησίον, Η Ελπίδα, Η Απελπισία, Η Ευτυχία, Η Φτώχεια, Ο Πλούτος, Το Μυστικό της Επιτυχίας και Ευτυχίας, Η Προσευχή και η Πίστημ, Η Εποχή μας, Ο Χρόνος, Ο Χαρακτήρας, Ο Φόβος, Το Μίσος, Τι Πρέπει να Θυμάσαι, Στοχασμοί και Σκέψεις, Επίλογος. | |
| 520 | _aΠοιός ο Συγγραφεύς, Η Ζωή, Σκέψεις για τη Ζωή, Η Αγάπη, Η Αγάπη προς τον Πλησίον, Η Ελπίδα, Η Απελπισία, Η Ευτυχία, Η Φτώχεια, Ο Πλούτος, Το Μυστικό της Επιτυχίας και Ευτυχίας, Η Προσευχή και η Πίστημ, Η Εποχή μας, Ο Χρόνος, Ο Χαρακτήρας, Ο Φόβος, Το Μίσος, Τι Πρέπει να Θυμάσαι, Στοχασμοί και Σκέψεις, Επίλογος. | ||
| 700 | 1 |
_aΓαλανάκη Γ.Ε _92809 |
|
| 942 | _cBK | ||
| 999 |
_c2191 _d2191 |
||